| 000 | 00779nam a2200205 a 4500 | ||
|---|---|---|---|
| 005 | 20210219160357.0 | ||
| 008 | 081028s2000 mx r 000 0 spa d | ||
| 020 | _a9707040033 | ||
| 035 | _aUPN01000164336 | ||
| 049 | _aUNE | ||
| 080 | _aOC 31: 378.22 (72) "1999" ANUp. | ||
| 245 | 0 | 0 | _aAnuario estadístico, 1999: Población escolar de posgrado. |
| 260 | _aMéxico : ANUIES, 2000. | ||
| 300 | _axv, 356 p.; 28 cm. il., retrs., fot. | ||
| 690 | _aEstudios de postgrado- Estadisticas educacionales- Mexico | ||
| 690 | _aEstadisticas educacionales- Estudios de postgrado- Mexico | ||
| 690 | _aMexico- Estudios de postgrado- Estadisticas educacionales | ||
| 710 | 2 | _aAsociación Nacional de Universidades e Institutos de Educación Superior. (ANUIES) | |
| 905 | _aUNESCO | ||
| 999 |
_c136448 _d136448 |
||